书目信息 |
| 题名: |
图解建筑设计的99个常识
|
|
| 作者: | 张军杰 , 牟晓阳 著 | |
| 分册: | ||
| 出版信息: | 南京 江苏凤凰科学技术出版社 2025.05 |
|
| 页数: | 176页 | |
| 开本: | 24cm | |
| 丛书名: | ||
| 单 册: | ||
| 中图分类: | TU2-64 | |
| 科图分类: | ||
| 主题词: | 建筑设计--jian zhu she ji--图解 | |
| 电子资源: | ||
| ISBN: | 978-7-5713-5265-3 | |
| 000 | 01608nam0 2200277 450 | |
| 001 | 95221 | |
| 005 | 20250901205135.27 | |
| 010 | @a978-7-5713-5265-3@dCNY98.00 | |
| 100 | @a20250721d2025 em y0chiy50 ea | |
| 101 | 0 | @achi |
| 102 | @aCN@b320000 | |
| 105 | @aa z 000yy | |
| 106 | @ar | |
| 200 | 1 | @a图解建筑设计的99个常识@Atu jie jian zhu she ji de 99 ge chang shi@f张军杰, 牟晓阳著 |
| 210 | @a南京@c江苏凤凰科学技术出版社@d2025.05 | |
| 215 | @a176页@c彩图@d24cm | |
| 300 | @a凤凰空间 凤凰传媒 | |
| 314 | @a张军杰, 山东建筑大学教授, 博士生导师, 一级注册建筑师, 主要致力于动态建筑、健康建筑等领域研究。主持完成国家自然科学基金及省部级研究项目多项 ; 著有专著2部 ; 以第一作者或通讯作者发表论文40余篇 ; 获得发明专利授权5项 ; 主持完成30余项建筑设计实践项目。牟晓阳, 山东建筑大学建筑学专业博士研究生, 研究方向为绿色建筑设计与理论发展领域。 | |
| 330 | @a本书将建筑设计过程中需要注意的问题及容易出现的误区分门别类进行厘清。并对跨学科但必要的城市规划、生态设计等知识点进行全面覆盖。通过对不同方面、不同层级以及不同类型的建筑设计知识点的梳理和论述, 强调建筑设计课程体系中的重点, 以点成网, 补充整套教学体系中容易疏漏但又非常重要的知识。全书分为设计方法及理念、规划及总图、功能与空间、造型与美学四大部分, 每部分细分为若干知识点, 通过思维导图总结分类和具体做法, 为建筑设计初学者和设计师提供较为全面的设计参考。 | |
| 517 | 1 | @a建筑设计的99个常识@Ajian zhu she ji de 99 ge chang shi |
| 606 | 0 | @a建筑设计@Ajian zhu she ji@j图解 |
| 690 | @aTU2-64@v5 | |
| 701 | 0 | @a张军杰@Azhang jun jie@4著 |
| 701 | 0 | @a牟晓阳@Amou xiao yang@4著 |
| 801 | 0 | @aCN@c20250909 |
| 905 | @a河南城建学院图书馆@dTU2-64@eZ120@f1 | |
| 图解建筑设计的99个常识/张军杰, 牟晓阳著.-南京:江苏凤凰科学技术出版社,2025.05 |
| 176页:彩图;24cm |
| 凤凰空间 凤凰传媒 |
| ISBN 978-7-5713-5265-3:CNY98.00 |
| 本书将建筑设计过程中需要注意的问题及容易出现的误区分门别类进行厘清。并对跨学科但必要的城市规划、生态设计等知识点进行全面覆盖。通过对不同方面、不同层级以及不同类型的建筑设计知识点的梳理和论述, 强调建筑设计课程体系中的重点, 以点成网, 补充整套教学体系中容易疏漏但又非常重要的知识。全书分为设计方法及理念、规划及总图、功能与空间、造型与美学四大部分, 每部分细分为若干知识点, 通过思维导图总结分类和具体做法, 为建筑设计初学者和设计师提供较为全面的设计参考。 |
| ● |
| 相关链接 |
|
|
|
正题名:图解建筑设计的99个常识
索取号:TU2-64/Z120
 
预约/预借
| 序号 | 登录号 | 条形码 | 馆藏地/架位号 | 状态 | 备注 |
| 1 | 1629279 | 216292795 | 建筑库101/101建筑库 72排3列4层/ [索取号:TU2-64/Z120] | 在馆 |